000 005030000a22001930004500
001 002787
003 MACL
005 20150903134347.0
008 150903b xxu||||| |||| 00| 0 eng d
040 _aMACL
_cMACL
041 _aEnglish
082 _a820/BAR
100 _aBarat, Urbashi
_98206
245 _aProtest And Aftermath in Pos-War Literature in English
_cUrbashi Barat
260 _aJaipur
_c2005
_bSurabhi Publishers,
350 _a480
650 _aLiterature
_98899
942 _k820
_cBK
_2ddc
999 _c14696
_d14696